Sympathy for the Devil Lyrics Quiz - Statistics

General Stats
  • This quiz has been taken 94 times
  • The average score is 33 of 49
Answer Stats
Lyric % Correct
Let me please {introduce} {myself}
100%
Please allow me to {introduce} {myself}
100%
I'm a man of {wealth} {and} {taste}
91%
I'm a man of {wealth} {and} {taste}
91%
And I was 'round when {Jesus} {Christ}
89%
Hope you {guess} my name
88%
Tell me, honey, can you {guess} my name?
88%
{Pleased} to meet you
86%
Is the {nature} of my game
84%
Who get {killed} before they reach Bombay
82%
When I saw it was a time for a {change}
80%
Stuck around {St} {Petersburg}
78%
I've been around for a {long} {long} years
77%
When after all, it was {you} {and} {me}
76%
Had his moment of {doubt} {and} {pain}
74%
I rode a {tank}
74%
{Killed} {the} {Tsar} and his ministers
74%
When the {blitzkrieg} raged
73%
Who killed the {Kennedys}?
73%
Call me {Lucifer}
72%
Ah, yes, what's my {name}?
69%
And the {bodies} stank
69%
Held a {general's} rank
69%
Made {damn} {sure} that Pilate
69%
{Washed} {his} {hands} and sealed his fate
69%
Tell me, {baby},what's my name?
66%
{Anastasia} screamed in vain
65%
Fought for {ten} decades
65%
But what's {puzzling} you
62%
I {shouted} out
62%
I watched with {glee}
62%
Just as every {cop} {is} {a} {crimminal}
62%
While your {kings} {and} {queens}
62%
And all the {sinners} {saints}
61%
Cause I'm in need of some {restraint}
61%
For the {gods} they made
61%
Have some {courtesy}
59%
Or I'll lay your {soul} {to} {waste}
59%
So if you {meet} me
58%
Tell me, baby, {what's} {my} {name}?
58%
Tell me, baby, {what's} {my} {name}?
58%
And I laid {traps} for the troubadours
54%
As {heads} is tails
53%
Have {some} {sympathy} and some taste
50%
Stole million men's {soul} {and} {faith}
47%
Tell me, {sweetie},what's my name?
35%
You're to {blame}
32%
I'll tell you {one} {time},
19%
Use all your {well}-{learned} {politesse}
16%
No matching quizzes found
Score Distribution
Percent of People with Each Score
Percentile by Number Answered
Your Score History
You have not taken this quiz